<?xml version="1.0" encoding="UTF-8"?>
<record
    xmlns:xsi="http://www.w3.org/2001/XMLSchema-instance"
    xsi:schemaLocation="http://www.loc.gov/MARC21/slim http://www.loc.gov/standards/marcxml/schema/MARC21slim.xsd"
    xmlns="http://www.loc.gov/MARC21/slim">

  <leader>03258cam a22003494a 4500</leader>
  <datafield tag="999" ind1=" " ind2=" ">
    <subfield code="c">23487</subfield>
    <subfield code="d">23487</subfield>
  </datafield>
  <controlfield tag="001">13817129</controlfield>
  <controlfield tag="003">OSt</controlfield>
  <controlfield tag="005">20170126114440.0</controlfield>
  <controlfield tag="008">041216s2005    inua     b   s001 0 eng  </controlfield>
  <datafield tag="010" ind1=" " ind2=" ">
    <subfield code="a">  2004029965</subfield>
  </datafield>
  <datafield tag="015" ind1=" " ind2=" ">
    <subfield code="a">GBA586538</subfield>
    <subfield code="2">bnb</subfield>
  </datafield>
  <datafield tag="016" ind1="7" ind2=" ">
    <subfield code="a">013311274</subfield>
    <subfield code="2">Uk</subfield>
  </datafield>
  <datafield tag="020" ind1=" " ind2=" ">
    <subfield code="a">0253346347 (cloth : alk. paper)</subfield>
  </datafield>
  <datafield tag="035" ind1=" " ind2=" ">
    <subfield code="a">(OCoLC)ocm57344121</subfield>
  </datafield>
  <datafield tag="040" ind1=" " ind2=" ">
    <subfield code="a">DLC</subfield>
    <subfield code="c">DLC</subfield>
    <subfield code="d">OCLCQ</subfield>
    <subfield code="d">BAKER</subfield>
    <subfield code="d">C#P</subfield>
    <subfield code="d">SYB</subfield>
    <subfield code="d">UKM</subfield>
    <subfield code="d">COO</subfield>
    <subfield code="d">DLC</subfield>
  </datafield>
  <datafield tag="042" ind1=" " ind2=" ">
    <subfield code="a">pcc</subfield>
  </datafield>
  <datafield tag="050" ind1="0" ind2="0">
    <subfield code="a">NA6310</subfield>
    <subfield code="b">.B76 2005</subfield>
  </datafield>
  <datafield tag="082" ind1="0" ind2="4">
    <subfield code="a">725/.31</subfield>
    <subfield code="2">22</subfield>
  </datafield>
  <datafield tag="100" ind1="1" ind2=" ">
    <subfield code="a">Brown, Christopher,</subfield>
    <subfield code="d">1953 September 2-</subfield>
  </datafield>
  <datafield tag="245" ind1="1" ind2="0">
    <subfield code="a">Still standing :</subfield>
    <subfield code="b">a century of urban train station design /</subfield>
    <subfield code="c">Christopher Brown.</subfield>
  </datafield>
  <datafield tag="260" ind1=" " ind2=" ">
    <subfield code="a">Bloomington :</subfield>
    <subfield code="b">Indiana University Press,</subfield>
    <subfield code="c">c2005.</subfield>
  </datafield>
  <datafield tag="300" ind1=" " ind2=" ">
    <subfield code="a">ix, 133 p. :</subfield>
    <subfield code="b">ill. (some col.) ;</subfield>
    <subfield code="c">29 cm.</subfield>
  </datafield>
  <datafield tag="440" ind1=" " ind2="0">
    <subfield code="a">Railroads past and present</subfield>
  </datafield>
  <datafield tag="504" ind1=" " ind2=" ">
    <subfield code="a">Includes bibliographical references (p. 129) and index.</subfield>
  </datafield>
  <datafield tag="505" ind1="0" ind2="0">
    <subfield code="a">The visual survey -- Amiens Street Station (Connolly Station), Dublin -- Kingsbridge Station (Heuston Station) , Dublin -- Gare de Strasbourg (Gare de l'Est), Paris -- Paddington Station, London -- Gare du Nord, Paris -- St. Pancras Station, London -- Liverpool Street Station, London -- Central Station, Glasgow -- Queen Street Station, Glasgow -- Polk Street Depot (Dearborn Street Station), Chicago -- Centralbahnhof (Hauptbahnhof), Frankfurt-am-Main -- Musir Hamdi Pasa (Sirkeci Station), Istanbul -- Union Station, St. Louis -- Union Station (Pennsylvania Station), Pittsburgh -- Broad Street Station, Newark -- Galveston, Harrisburg &amp; San Antonio Station (Southern Pacific Depot), San Antonio -- Bush Shed, Hoboken -- Union Station, Washington, D.C. -- Lackawanna Terminal, Hoboken -- Delaware, Lackawanna &amp; Western Station (Lackawanna Station), Scranton -- Franz Josef Nadrazi (Hlavni Nadrazi), Prague -- Hovedbanneg&#xE5;rd, Copenhagen -- Union Station (Pennsylvania Station), Baltimore -- Grand Central Terminal, New York City -- Vancouver Station, Vancouver -- Union Depot (Santa Fe Depot), San Diego -- Estaci&#xF3;n Retiro, Buenos Aires -- Rautatieasema, Helsinki -- Union Station (Broad Street Station), Richmond -- Jacksonville Union Terminal, Jacksonville -- Union Station, Toronto -- Union Station, Chicago -- Hauptbahnhof, Stuttgart -- Railway Station, Auckland -- Pennsylvania Station (Thirtieth Street Station), Philadelphia -- Cincinnati Union Terminal, Cincinnati -- Pennsylvania Station, Newark -- Stazione di Santa Maria Novella, Florence -- Union Passenger Terminal (Union Station), Los Angeles -- Stazione Termini, Rome.</subfield>
  </datafield>
  <datafield tag="650" ind1=" " ind2="0">
    <subfield code="a">Railroad stations.</subfield>
  </datafield>
  <datafield tag="650" ind1=" " ind2="0">
    <subfield code="a">Architecture, Modern</subfield>
    <subfield code="y">19th century.</subfield>
  </datafield>
  <datafield tag="650" ind1=" " ind2="0">
    <subfield code="a">Architecture, Modern</subfield>
    <subfield code="y">20th century.</subfield>
  </datafield>
  <datafield tag="856" ind1="4" ind2="1">
    <subfield code="3">Table of contents</subfield>
    <subfield code="u">http://www.loc.gov/catdir/toc/ecip055/2004029965.html</subfield>
  </datafield>
  <datafield tag="906" ind1=" " ind2=" ">
    <subfield code="a">7</subfield>
    <subfield code="b">cbc</subfield>
    <subfield code="c">orignew</subfield>
    <subfield code="d">1</subfield>
    <subfield code="e">ecip</subfield>
    <subfield code="f">20</subfield>
    <subfield code="g">y-gencatlg</subfield>
  </datafield>
  <datafield tag="942" ind1=" " ind2=" ">
    <subfield code="2">lcc</subfield>
    <subfield code="c">BOOKS</subfield>
    <subfield code="h">TF 300 .B76 2005</subfield>
  </datafield>
</record>
